Zo zasadnutia mestského zastupiteľstva

Bibliographic Details
Main Author: Spišská, Dagmar (Author)
Format: Article
Language:Slovak
ISSN:2453-7055
Subjects:

MARC

LEADER 00000nab a2200000 a 4500
001 vtls011580568
003 SK-MaSNL
005 20260304170439.0
008 160921 2016 xo m 000 0 slo
038 |a PPPK 
040 |a PPPKCL  |b slo  |c PPPK  |e AACR2 
041 0 |a slo 
044 |a xo  |c SK 
080 |a 347.28  |2 2011 
080 |a 373.24  |2 2011 
100 1 |a Spišská, Dagmar  |4 aut  |9 1111548 
245 1 0 |a Zo zasadnutia mestského zastupiteľstva  |c Mgr. Dagmar Spišská, sekretariát primátora 
610 1 7 |a Levoča (Slovensko).  |b Mestské zastupiteľstvo  |2 pppkcl  |9 94957 
650 0 7 |a pohľadávky  |2 pppkcl  |9 4611 
650 0 7 |a materské školy  |2 pppkcl  |9 1278 
650 0 7 |a vyvlastnenie majetku  |2 pppkcl  |9 1022416 
651 7 |a Levoča (Slovensko)  |2 pppkcl  |9 26696 
773 0 |t Limka : informačný magazín mesta Levoča  |g č. 9 (2016), s. 10  |x 2453-7055 
852 |a PPPK  |b KIS3GCP 
999 |c 2988813  |d 2990743